ធ្វើមិត្តល្អបានទេ ? : (Record no. 9220)

MARC details
000 -LEADER
fixed length control field 01783nam a22003017a 4500
001 - CONTROL NUMBER
control field 9220
003 - CONTROL NUMBER IDENTIFIER
control field FISKH
005 - DATE AND TIME OF LATEST TRANSACTION
control field 20251203100245.0
008 - FIXED-LENGTH DATA ELEMENTS--GENERAL INFORMATION
fixed length control field 251203b cb ||||| |||| 00| 0 eng d
020 ## - INTERNATIONAL STANDARD BOOK NUMBER
International Standard Book Number 9789996388088
040 ## - CATALOGING SOURCE
Original cataloging agency FISKH
Language of cataloging khr
Transcribing agency FISKH
Modifying agency FISKH
050 ## - LIBRARY OF CONGRESS CALL NUMBER
Classification number PZ7
082 ## - DEWEY DECIMAL CLASSIFICATION NUMBER
Classification number 398.2
100 ## - MAIN ENTRY--PERSONAL NAME
Personal name Socheata , Soth
245 ## - TITLE STATEMENT
Title ធ្វើមិត្តល្អបានទេ ? :
Remainder of title Can we become good friend ? /
Statement of responsibility, etc. និពន្ធដោយ អ្នកស្រី សុត សុជាតា , ពិនិត្យអក្ខរាវិរុទ្ធភាសាខ្មែរ ឯកឧត្តមសាស្រ្តាចារ្យបណ្ឌិត ខៀវ កុសល
260 ## - PUBLICATION, DISTRIBUTION, ETC.
Place of publication, distribution, etc. ភ្នំពេញ :
Name of publisher, distributor, etc. គ្រឹះស្ថានបោះពុម្ពផ្សាយសៀវភៅប្រាជ្ញា ,
Date of publication, distribution, etc. ២០១៥ .
300 ## - PHYSICAL DESCRIPTION
Extent 17 pages :
Other physical details color illustrations ;
Dimensions 26 cm .
505 ## - FORMATTED CONTENTS NOTE
Formatted contents note J <br/>
520 ## - SUMMARY, ETC.
Summary, etc. មេឃ និង ដារ៉ា បានសុំគ្នាធ្វើជាមិត្ត ទោះបីគេមានចំនង់ចំនូលចិត្តមិនសូវដូចគ្នាក៏ពួកគេព្យាយាមសម្របរកគ្នាដែរ ។​
520 ## - SUMMARY, ETC.
Summary, etc. Meh and Dara agreed to become friends.<br/>Even though their interests were not very similar, they still tried to adjust and understand each other.
521 8# - TARGET AUDIENCE NOTE
Target audience note 480 <br/>
Source Lexile estimate <br/>
521 8# - TARGET AUDIENCE NOTE
Target audience note J <br/>
Source Raz-Plus <br/>
650 ## - SUBJECT ADDED ENTRY--TOPICAL TERM
Topical term or geographic name entry element ធ្វើមិត្តល្អបានទេ ?
Form subdivision រឿងនិទានកុមារ
650 ## - SUBJECT ADDED ENTRY--TOPICAL TERM
Topical term or geographic name entry element Can we become good friend ?
Form subdivision Children's Stories
700 ## - ADDED ENTRY--PERSONAL NAME
Personal name Socheata , Soth
Relator term Illustrator
942 ## - ADDED ENTRY ELEMENTS (KOHA)
Source of classification or shelving scheme Dewey Decimal Classification
Koha item type Khmer Books
Suppress in OPAC No
Holdings
Withdrawn status Lost status Source of classification or shelving scheme Damaged status Not for loan Collection Home library Current library Shelving location Date acquired Total Checkouts Full call number Barcode Date last seen Price effective from Koha item type
    Dewey Decimal Classification     Khmer-English Bilingual / ភាសាខ្មែរ-អង់គ្លេស Footprints International School Library Network Toul Tom Poung Campus Footprints International School Library Network Toul Tom Poung Campus TTP Primary Khmer Bookshelves 12/03/2025   SOC PZ7 398.2 2025-5008 04/23/2026 12/03/2025 Khmer Books